| 000 | 00724nam a2200265Ia 4500 | ||
|---|---|---|---|
| 003 | OSt | ||
| 005 | 20220928115740.0 | ||
| 006 | a|||||r|||| 00| 0 | ||
| 007 | ta | ||
| 008 | 220927b |||||||| |||| 00| 0 eng d | ||
| 024 | _a82761 | ||
| 037 | _cTextual | ||
| 040 |
_aSDCL _cSDCL _beng |
||
| 041 |
_2eng _aeng |
||
| 082 | _aI9B:f3, P6 | ||
| 100 |
_aMujib A Ed. _9445903 |
||
| 245 | 0 | _aSomatic embryogenesis. | |
| 260 |
_aBerlin _bSpringer _c2006 |
||
| 300 |
_axi,357 _ccm. |
||
| 490 | _aPlant cell monographs Ed by David G. Robinson. 2. | ||
| 650 | _aPlant Embryology | ||
| 700 |
_a Samaj J Ed. _9445904 |
||
| 942 |
_hI9B:f3, P6 _cTEXL _2CC |
||
| 999 |
_c760768 _d760768 |
||